The World of Man /

Detalles Bibliográficos
Autor principal: Honigmann, John J.
Formato: Libro
Publicado: New York : Harper & Row, 1959.
Materias:
Etiquetas: Agregar Etiqueta
Sin Etiquetas, Sea el primero en etiquetar este registro!

MARC

LEADER 00000nam a22000004a 4500
001 AR-BbUGT1354
003 AR-BbUGT
005 20181220001537.0
007 ta
008 061101t1959 |||ad |0|||0| d
040 |a AR-BbUGT  |b spa  |c AR-BbUGT 
082 0 4 |a 301.153 
100 1 |a Honigmann, John J. 
245 1 4 |a The World of Man /   |c John J. Honigmann. 
260 |a New York :   |b Harper & Row,   |c 1959. 
300 |a 972 p. :   |b il., diagrs., tablas 
653 |a Sociología 
653 |a Cultura 
653 |a El hombre y la cultura 
942 |c BK  |h 301.153  |i H757  |m D  |2 ddc  |6 301_153000000000000_H757 
999 |c 9182  |d 9182